| 000 | 01267nam a2200325Ia 4500 | ||
|---|---|---|---|
| 001 | ebr10351176 | ||
| 003 | CaPaEBR | ||
| 006 | m u | ||
| 007 | cr cn||||||||| | ||
| 008 | 090825s2010 gw sb 001 0 eng d | ||
| 020 | _z3527408061 (hbk.) | ||
| 020 | _z9783527408061 (hbk.) | ||
| 040 |
_aCaPaEBR _cCaPaEBR |
||
| 035 | _a(OCoLC)654804910 | ||
| 050 | 1 | 4 |
_aQC611.6.Q35 _bG993 2010eb |
| 100 | 1 | _aGywat, Oliver. | |
| 245 | 1 | 0 |
_aSpins in optically active quantum dots _h[electronic resource] : _bconcepts and methods / _cOliver Gywat, Hubert J. Krenner, and Jesse Berezovsky. |
| 260 |
_aWeinheim : _bWiley-VCH, _cc2010. |
||
| 300 | _ax, 209 p. | ||
| 504 | _aIncludes bibliographical references and index. | ||
| 533 |
_aElectronic reproduction. _bPalo Alto, Calif. : _cebrary, _d2010. _nAvailable via World Wide Web. _nAccess may be limited to ebrary affiliated libraries. |
||
| 650 | 0 |
_aQuantum dots _xOptical properties. |
|
| 650 | 0 | _aNuclear spin. | |
| 650 | 0 | _aQuantum dots. | |
| 655 | 7 |
_aElectronic books. _2local |
|
| 700 | 1 | _aBerezovsky, Jesse. | |
| 700 | 1 | _aKrenner, Hubert J. | |
| 710 | 2 | _aebrary, Inc. | |
| 856 | 4 | 0 |
_uhttp://site.ebrary.com/lib/rucke/Doc?id=10351176 _zAn electronic book accessible through the World Wide Web; click to view |
| 999 |
_c45822 _d45822 |
||